Your food and you / (Record no. 131902)

MARC details
000 -LEADER
fixed length control field 00641nam a22002297a 4500
005 - DATE AND TIME OF LATEST TRANSACTION
control field 20170124110145.0
010 ## - LIBRARY OF CONGRESS CONTROL NUMBER
LC control number B-008380
020 ## - INTERNATIONAL STANDARD BOOK NUMBER
Terms of availability 30.00
International Standard Book Number 812371033X
035 ## - SYSTEM CONTROL NUMBER
System control number B-008380
037 ## - SOURCE OF ACQUISITION
Source of stock number/acquisition Cen Lib/Ret
040 ## - CATALOGING SOURCE
Original cataloging agency DPL
Language of cataloging EN
082 ## - DEWEY DECIMAL CLASSIFICATION NUMBER
Classification number 641.3
Item number ACH
100 ## - MAIN ENTRY--PERSONAL NAME
Personal name Achaya, K.T.
9 (RLIN) 33153
245 ## - TITLE STATEMENT
Title Your food and you /
Statement of responsibility, etc by K.T.Achaya
260 ## - PUBLICATION, DISTRIBUTION, ETC. (IMPRINT)
Name of publisher, distributor, etc National Book Trust
Place of publication, distribution, etc New Delhi
Date of publication, distribution, etc 1994
270 ## - ADDRESS
Address A-5 Green Park
City New Delhi
Postal code 110016
300 ## - PHYSICAL DESCRIPTION
Extent 112p.
Dimensions 20cm(Hb)
490 ## - SERIES STATEMENT
Series statement Popular science series
650 ## - SUBJECT ADDED ENTRY--TOPICAL TERM
Topical term or geographic name as entry element Food--India
9 (RLIN) 33154
650 ## - SUBJECT ADDED ENTRY--TOPICAL TERM
Topical term or geographic name as entry element Balanced diets
9 (RLIN) 33155
942 ## - ADDED ENTRY ELEMENTS (KOHA)
Source of classification or shelving scheme Dewey Decimal Classification
Koha item type English Books
Classification part 641.3
Call number suffix ACH
Holdings
Withdrawn status Lost status Damaged status Not for loan Home library Current library Date acquired Source of acquisition Cost, normal purchase price Total Checkouts Full call number Barcode Date last seen Copy number Cost, replacement price Price effective from Koha item type Public note
Written off       Central Library Central Library 16/07/2015 Cen Lib/Ret 30.00   641.3 ACH B-008380 16/07/2015 1 30.00 16/07/2015 English Books Written off on approval by DLB (By Circulation); dtd 15-06-2023

© Delhi Public Library
Hit Counter
free hit counter